000 00537nam a2200193Ia 4500
005 20250508151252.0
008 008 250505s9999 xx 000 0 eng d
037 _aTextual
040 _aFEDL
_beng
_cFEDL
041 _aeng
_2eng
084 _a371.12, HOP
_qFEDL
100 _aHopkins Thomas
_9247393
245 0 _aPupil teacher learning
260 _aWilmington, USA
_bDelaware Citizens Assoication
_c1938
300 _axvi,134p.
650 _aTeaching
942 _cTEXL
_h371.12, HOP
999 _c1328759
_d1328759